[Event "DEM U12 2025"]
[Site "Willingen GER"]
[Date "2025.06.09"]
[Round "3"]
[White "Teng, David"]
[Black "Dotschuweit, Erik"]
[Result "1/2-1/2"]
[Termination "normal"]
[Board "15"]
[WhiteElo "1837"]
[BlackElo "1676"]
[WhiteClock "00:08:48"]
[BlackClock "00:12:11"]
[PlyCount "138"]
[WhiteFideId "34604570"]
[BlackFideId "34610146"]
[EventCountry "GER"]
[EventRounds "9"]
[EventType "swiss"]
[EventDate "2025.06.07"]

1. e4 {[%clk 01:30:51]} {[%emt 00:00:07]} c5 {[%clk 01:30:54]} {[%emt
00:00:08]} 2. Nf3 {[%clk 01:31:08]} {[%emt 00:00:11]} Nc6 {[%clk 01:31:14]}
{[%emt 00:00:11]} 3. d4 {[%clk 01:30:58]} {[%emt 00:00:40]} cxd4 {[%clk
01:31:37]} {[%emt 00:00:07]} 4. Nxd4 {[%clk 01:31:21]} {[%emt 00:00:05]} g6
{[%clk 01:31:54]} {[%emt 00:00:14]} 5. c4 {[%clk 01:31:18]} {[%emt 00:00:33]}
Bg7 {[%clk 01:32:15]} {[%emt 00:00:09]} 6. Be3 {[%clk 01:30:48]} {[%emt
00:01:01]} Qb6 {[%clk 01:31:09]} {[%emt 00:01:36]} 7. Nb5 {[%clk 01:26:43]}
{[%emt 00:04:35]} Qa5+ {[%clk 01:31:22]} {[%emt 00:00:17]} 8. N1c3 {[%clk
01:23:39]} {[%emt 00:03:33]} a6 {[%clk 01:27:44]} {[%emt 00:04:09]} 9. Nd4
{[%clk 01:22:02]} {[%emt 00:02:07]} Nf6 {[%clk 01:27:13]} {[%emt 00:01:00]} 10.
f3 {[%clk 01:19:32]} {[%emt 00:03:00]} O-O {[%clk 01:24:28]} {[%emt 00:03:16]}
11. Be2 {[%clk 01:17:51]} {[%emt 00:02:10]} d6 {[%clk 01:23:32]} {[%emt
00:01:26]} 12. O-O {[%clk 01:17:27]} {[%emt 00:00:54]} Nxd4 {[%clk 01:23:25]}
{[%emt 00:00:38]} 13. Bxd4 {[%clk 01:17:00]} {[%emt 00:00:56]} Be6 {[%clk
01:23:21]} {[%emt 00:00:34]} 14. Nd5 {[%clk 01:11:08]} {[%emt 00:06:22]} Nxd5
{[%clk 01:22:31]} {[%emt 00:01:21]} 15. exd5 {[%clk 01:09:50]} {[%emt
00:01:48]} Bd7 {[%clk 01:22:03]} {[%emt 00:00:58]} 16. Bxg7 {[%clk 01:07:40]}
{[%emt 00:02:41]} Kxg7 {[%clk 01:22:23]} {[%emt 00:00:10]} 17. Qd4+ {[%clk
01:07:05]} {[%emt 00:01:04]} f6 {[%clk 01:20:38]} {[%emt 00:02:15]} 18. Rfe1
{[%clk 01:02:17]} {[%emt 00:05:18]} Kf7 {[%clk 01:19:11]} {[%emt 00:01:57]} 19.
Bd3 {[%clk 00:58:16]} {[%emt 00:04:31]} Rac8 {[%clk 01:17:28]} {[%emt
00:02:12]} 20. a3 {[%clk 00:55:34]} {[%emt 00:03:13]} Rfe8 {[%clk 01:11:48]}
{[%emt 00:06:10]} 21. Qh4 {[%clk 00:50:15]} {[%emt 00:05:48]} Kg7 {[%clk
01:11:01]} {[%emt 00:01:17]} 22. Qd4 {[%clk 00:48:57]} {[%emt 00:01:49]} Kf7
{[%clk 01:10:39]} {[%emt 00:00:51]} 23. b4 {[%clk 00:49:17]} {[%emt 00:00:11]}
Qc7 {[%clk 01:06:22]} {[%emt 00:04:46]} 24. Rac1 {[%clk 00:46:08]} {[%emt
00:03:40]} b6 {[%clk 01:04:12]} {[%emt 00:02:40]} 25. h4 {[%clk 00:40:08]}
{[%emt 00:06:29]} Qa7 {[%clk 00:58:14]} {[%emt 00:06:28]} 26. Kh1 {[%clk
00:39:49]} {[%emt 00:00:49]} Rc7 {[%clk 00:54:56]} {[%emt 00:03:49]} 27. Rc2
{[%clk 00:36:19]} {[%emt 00:04:00]} Ba4 {[%clk 00:48:26]} {[%emt 00:06:59]} 28.
Rc3 {[%clk 00:34:15]} {[%emt 00:02:34]} Rec8 {[%clk 00:47:20]} {[%emt
00:01:37]} 29. Rec1 {[%clk 00:32:26]} {[%emt 00:02:20]} Bd7 {[%clk 00:46:00]}
{[%emt 00:01:48]} 30. Qe3 {[%clk 00:27:42]} {[%emt 00:05:14]} f5 {[%clk
00:37:46]} {[%emt 00:08:46]} 31. Re1 {[%clk 00:23:48]} {[%emt 00:04:22]} Re8
{[%clk 00:37:16]} {[%emt 00:01:00]} 32. Qd4 {[%clk 00:16:52]} {[%emt 00:07:26]}
a5 {[%clk 00:34:57]} {[%emt 00:02:54]} 33. b5 {[%clk 00:16:15]} {[%emt
00:01:02]} Rc5 {[%clk 00:33:25]} {[%emt 00:02:02]} 34. a4 {[%clk 00:16:00]}
{[%emt 00:00:46]} Qc7 {[%clk 00:32:01]} {[%emt 00:01:52]} 35. Rc2 {[%clk
00:14:28]} {[%emt 00:02:03]} e6 {[%clk 00:22:36]} {[%emt 00:09:55]} 36. dxe6+
{[%clk 00:14:08]} {[%emt 00:00:50]} Bxe6 {[%clk 00:22:26]} {[%emt 00:00:39]}
37. Rce2 {[%clk 00:11:37]} {[%emt 00:03:01]} Qd8 {[%clk 00:22:07]} {[%emt
00:00:50]} 38. Qf4 {[%clk 00:07:31]} {[%emt 00:04:35]} Re5 {[%clk 00:19:25]}
{[%emt 00:03:11]} 39. Qh6 {[%clk 00:03:48]} {[%emt 00:04:14]} Kg8 {[%clk
00:19:03]} {[%emt 00:00:52]} 40. g3 {[%clk 00:02:40]} {[%emt 00:01:38]} Rxe2
{[%clk 00:14:16]} {[%emt 00:05:18]} 41. Rxe2 {[%clk 00:02:38]} {[%emt
00:00:32]} Bf7 {[%clk 00:14:05]} {[%emt 00:00:41]} 42. Qd2 {[%clk 00:02:02]}
{[%emt 00:01:05]} Rxe2 {[%clk 00:13:51]} {[%emt 00:00:44]} 43. Bxe2 {[%clk
00:01:58]} {[%emt 00:00:34]} d5 {[%clk 00:12:39]} {[%emt 00:01:42]} 44. cxd5
{[%clk 00:02:00]} {[%emt 00:00:28]} Qxd5 {[%clk 00:13:02]} {[%emt 00:00:08]}
45. Qc3 {[%clk 00:00:56]} {[%emt 00:01:34]} Qb3 {[%clk 00:13:00]} {[%emt
00:00:33]} 46. Qd4 {[%clk 00:30:27]} {[%emt 00:00:57]} Qb4 {[%clk 00:42:15]}
{[%emt 00:01:15]} 47. Qd8+ {[%clk 00:29:18]} {[%emt 00:01:38]} Kg7 {[%clk
00:38:19]} {[%emt 00:04:27]} 48. Bd1 {[%clk 00:29:01]} {[%emt 00:00:47]} Qe1+
{[%clk 00:36:05]} {[%emt 00:02:44]} 49. Kg2 {[%clk 00:29:03]} {[%emt 00:00:28]}
Qe6 {[%clk 00:35:06]} {[%emt 00:01:28]} 50. Qd4+ {[%clk 00:28:39]} {[%emt
00:00:56]} Qf6 {[%clk 00:35:04]} {[%emt 00:00:32]} 51. Qd2 {[%clk 00:28:43]}
{[%emt 00:00:24]} Qe6 {[%clk 00:32:56]} {[%emt 00:02:39]} 52. Qd4+ {[%clk
00:28:47]} {[%emt 00:00:26]} Qf6 {[%clk 00:33:20]} {[%emt 00:00:07]} 53. Qd2
{[%clk 00:29:13]} {[%emt 00:00:04]} Be6 {[%clk 00:33:40]} {[%emt 00:00:09]} 54.
Kf2 {[%clk 00:25:37]} {[%emt 00:04:05]} Kf7 {[%clk 00:33:31]} {[%emt 00:00:40]}
55. Kg2 {[%clk 00:25:32]} {[%emt 00:00:35]} Qe5 {[%clk 00:31:39]} {[%emt
00:02:23]} 56. Qh6 {[%clk 00:21:43]} {[%emt 00:04:18]} Qb2+ {[%clk 00:31:18]}
{[%emt 00:00:51]} 57. Kf1 {[%clk 00:19:01]} {[%emt 00:03:10]} Bc4+ {[%clk
00:31:26]} {[%emt 00:00:23]} 58. Ke1 {[%clk 00:19:02]} {[%emt 00:00:29]} Qb4+
{[%clk 00:27:10]} {[%emt 00:04:47]} 59. Qd2 {[%clk 00:17:41]} {[%emt 00:01:47]}
Ke6 {[%clk 00:27:04]} {[%emt 00:00:40]} 60. f4 {[%clk 00:16:24]} {[%emt
00:01:47]} Bd5 {[%clk 00:26:48]} {[%emt 00:00:47]} 61. Bc2 {[%clk 00:11:46]}
{[%emt 00:05:07]} Kd6 {[%clk 00:26:02]} {[%emt 00:01:15]} 62. Kd1 {[%clk
00:12:03]} {[%emt 00:00:14]} Kc5 {[%clk 00:25:19]} {[%emt 00:01:14]} 63. Qe2
{[%clk 00:11:24]} {[%emt 00:01:08]} Qd4+ {[%clk 00:25:32]} {[%emt 00:00:16]}
64. Kc1 {[%clk 00:11:37]} {[%emt 00:00:17]} Kb4 {[%clk 00:20:44]} {[%emt
00:05:18]} 65. Qe7+ {[%clk 00:10:45]} {[%emt 00:01:22]} Qc5 {[%clk 00:21:07]}
{[%emt 00:00:08]} 66. Qe1+ {[%clk 00:11:10]} {[%emt 00:00:05]} Ka3 {[%clk
00:20:34]} {[%emt 00:01:04]} 67. Qe5 {[%clk 00:09:58]} {[%emt 00:01:39]} Qg1+
{[%clk 00:11:24]} {[%emt 00:09:41]} 68. Bd1 {[%clk 00:08:49]} {[%emt 00:01:40]}
Qc5+ {[%clk 00:11:48]} {[%emt 00:00:05]} 69. Bc2 {[%clk 00:08:48]} {[%emt
00:00:32]} Qg1+ {[%clk 00:12:11]} {[%emt 00:00:06]} 1/2-1/2

[Event "DEM U12 2025"]
[Site "Willingen GER"]
[Date "2025.06.09"]
[Round "3"]
[White "Fels, Mattis"]
[Black "Hamann, Friedrich"]
[Result "0-1"]
[Termination "normal"]
[Board "16"]
[WhiteElo "1758"]
[BlackElo "1822"]
[WhiteClock "00:04:00"]
[BlackClock "00:04:00"]
[PlyCount "76"]
[WhiteFideId "34623795"]
[BlackFideId "34622829"]
[EventCountry "GER"]
[EventRounds "9"]
[EventType "swiss"]
[EventDate "2025.06.07"]

1. d4 {[%clk 01:30:59]} {[%emt 00:00:02]} d5 {[%clk 01:30:53]} {[%emt
00:00:07]} 2. Nc3 {[%clk 01:31:24]} {[%emt 00:00:05]} c5 {[%clk 01:30:50]}
{[%emt 00:00:34]} 3. e4 {[%clk 01:25:02]} {[%emt 00:06:52]} dxe4 {[%clk
01:30:23]} {[%emt 00:00:56]} 4. d5 {[%clk 01:25:24]} {[%emt 00:00:08]} Nf6
{[%clk 01:30:21]} {[%emt 00:00:31]} 5. Bf4 {[%clk 01:25:02]} {[%emt 00:00:53]}
g6 {[%clk 01:28:30]} {[%emt 00:02:21]} 6. Qd2 {[%clk 01:21:26]} {[%emt
00:04:06]} Bg7 {[%clk 01:27:50]} {[%emt 00:01:10]} 7. O-O-O {[%clk 01:21:08]}
{[%emt 00:00:48]} O-O {[%clk 01:27:46]} {[%emt 00:00:33]} 8. Bh6 {[%clk
01:20:38]} {[%emt 00:01:01]} e3 {[%clk 01:27:02]} {[%emt 00:01:14]} 9. Bxe3
{[%clk 01:20:07]} {[%emt 00:01:02]} Ng4 {[%clk 01:26:34]} {[%emt 00:00:57]} 10.
Bxc5 {[%clk 01:18:25]} {[%emt 00:02:13]} Qc7 {[%clk 01:25:49]} {[%emt
00:01:14]} 11. Be3 {[%clk 01:02:56]} {[%emt 00:15:59]} Nxe3 {[%clk 01:21:46]}
{[%emt 00:04:33]} 12. Qxe3 {[%clk 01:03:03]} {[%emt 00:00:24]} Nd7 {[%clk
01:15:17]} {[%emt 00:06:58]} 13. Nf3 {[%clk 01:00:34]} {[%emt 00:03:00]} a6
{[%clk 01:08:59]} {[%emt 00:06:47]} 14. g3 {[%clk 00:49:24]} {[%emt 00:11:40]}
b5 {[%clk 01:03:24]} {[%emt 00:06:04]} 15. Bg2 {[%clk 00:48:20]} {[%emt
00:01:35]} Nb6 {[%clk 00:57:24]} {[%emt 00:06:30]} 16. Rhe1 {[%clk 00:47:49]}
{[%emt 00:01:01]} b4 {[%clk 00:53:55]} {[%emt 00:03:59]} 17. d6 {[%clk
00:40:01]} {[%emt 00:08:18]} exd6 {[%clk 00:51:56]} {[%emt 00:02:29]} 18. Nd5
{[%clk 00:39:46]} {[%emt 00:00:45]} Nxd5 {[%clk 00:51:09]} {[%emt 00:01:17]}
19. Rxd5 {[%clk 00:40:13]} {[%emt 00:00:04]} Bf5 {[%clk 00:48:55]} {[%emt
00:02:43]} 20. Rd2 {[%clk 00:38:09]} {[%emt 00:02:35]} Rac8 {[%clk 00:46:55]}
{[%emt 00:02:29]} 21. Ree2 {[%clk 00:36:04]} {[%emt 00:02:35]} Qa5 {[%clk
00:43:44]} {[%emt 00:03:40]} 22. Kb1 {[%clk 00:35:37]} {[%emt 00:00:57]} Qa4
{[%clk 00:38:06]} {[%emt 00:06:07]} 23. Nd4 {[%clk 00:35:06]} {[%emt 00:01:02]}
Bd7 {[%clk 00:30:21]} {[%emt 00:08:15]} 24. Qd3 {[%clk 00:33:00]} {[%emt
00:02:36]} Rc7 {[%clk 00:25:30]} {[%emt 00:05:21]} 25. Bd5 {[%clk 00:28:41]}
{[%emt 00:04:49]} Rfc8 {[%clk 00:17:56]} {[%emt 00:08:04]} 26. Re7 {[%clk
00:28:24]} {[%emt 00:00:47]} Be8 {[%clk 00:12:26]} {[%emt 00:06:00]} 27. Bb3
{[%clk 00:26:38]} {[%emt 00:02:16]} Qa5 {[%clk 00:11:47]} {[%emt 00:01:09]} 28.
Rde2 {[%clk 00:26:37]} {[%emt 00:00:31]} Rxe7 {[%clk 00:11:11]} {[%emt
00:01:06]} 29. Rxe7 {[%clk 00:26:59]} {[%emt 00:00:08]} d5 {[%clk 00:10:08]}
{[%emt 00:01:33]} 30. Qe3 {[%clk 00:20:49]} {[%emt 00:06:41]} Kf8 {[%clk
00:08:50]} {[%emt 00:01:48]} 31. Nf3 {[%clk 00:15:47]} {[%emt 00:05:31]} Qd8
{[%clk 00:04:54]} {[%emt 00:04:25]} 32. Rb7 {[%clk 00:15:02]} {[%emt 00:01:17]}
Qf6 {[%clk 00:05:03]} {[%emt 00:00:21]} 33. c3 {[%clk 00:10:19]} {[%emt
00:05:12]} bxc3 {[%clk 00:05:07]} {[%emt 00:00:26]} 34. Bxd5 {[%clk 00:09:48]}
{[%emt 00:01:01]} cxb2 {[%clk 00:03:45]} {[%emt 00:01:53]} 35. Ne5 {[%clk
00:03:06]} {[%emt 00:07:11]} Qxe5 {[%clk 00:03:06]} {[%emt 00:01:09]} 36. Qxe5
{[%clk 00:03:27]} {[%emt 00:00:08]} Bxe5 {[%clk 00:03:26]} {[%emt 00:00:11]}
37. a3 {[%clk 00:03:34]} {[%emt 00:00:23]} Rc1+ {[%clk 00:03:49]} {[%emt
00:00:07]} 38. Ka2 {[%clk 00:04:00]} {[%emt 00:00:04]} Ra1+ {[%clk 00:04:00]}
{[%emt 00:00:19]} 0-1

[Event "DEM U12 2025"]
[Site "Willingen GER"]
[Date "2025.06.09"]
[Round "3"]
[White "Hellriegel, Hannes"]
[Black "Haas, Leandro"]
[Result "1-0"]
[Termination "normal"]
[Board "17"]
[WhiteElo "1849"]
[BlackElo "1730"]
[WhiteClock "00:27:20"]
[BlackClock "01:25:57"]
[PlyCount "85"]
[WhiteFideId "34623701"]
[BlackFideId "34632549"]
[EventCountry "GER"]
[EventRounds "9"]
[EventType "swiss"]
[EventDate "2025.06.07"]

1. e4 {[%clk 01:30:58]} {[%emt 00:00:02]} e6 {[%clk 01:30:55]} {[%emt
00:00:05]} 2. d4 {[%clk 01:31:24]} {[%emt 00:00:04]} d5 {[%clk 01:31:22]}
{[%emt 00:00:03]} 3. e5 {[%clk 01:31:51]} {[%emt 00:00:04]} c5 {[%clk
01:31:48]} {[%emt 00:00:03]} 4. c3 {[%clk 01:32:18]} {[%emt 00:00:03]} Bd7
{[%clk 01:32:14]} {[%emt 00:00:04]} 5. Nf3 {[%clk 01:30:10]} {[%emt 00:02:37]}
Nc6 {[%clk 01:31:24]} {[%emt 00:01:21]} 6. Be2 {[%clk 01:22:51]} {[%emt
00:07:46]} Nge7 {[%clk 01:31:06]} {[%emt 00:00:51]} 7. O-O {[%clk 01:02:07]}
{[%emt 00:21:13]} Nf5 {[%clk 01:28:20]} {[%emt 00:03:17]} 8. Na3 {[%clk
00:58:49]} {[%emt 00:03:48]} a6 {[%clk 01:25:42]} {[%emt 00:03:08]} 9. Nc2
{[%clk 00:56:49]} {[%emt 00:02:29]} Be7 {[%clk 01:24:14]} {[%emt 00:01:58]} 10.
Re1 {[%clk 00:51:29]} {[%emt 00:05:51]} Qb6 {[%clk 01:21:07]} {[%emt 00:03:37]}
11. Bd3 {[%clk 00:46:45]} {[%emt 00:05:13]} Nh4 {[%clk 01:20:41]} {[%emt
00:00:56]} 12. Nxh4 {[%clk 00:44:09]} {[%emt 00:03:06]} Bxh4 {[%clk 01:21:01]}
{[%emt 00:00:11]} 13. Qg4 {[%clk 00:41:03]} {[%emt 00:03:35]} Be7 {[%clk
01:20:11]} {[%emt 00:01:22]} 14. b3 {[%clk 00:30:39]} {[%emt 00:10:54]} cxd4
{[%clk 01:17:37]} {[%emt 00:03:03]} 15. cxd4 {[%clk 00:25:52]} {[%emt
00:05:17]} g6 {[%clk 01:16:10]} {[%emt 00:01:57]} 16. Be3 {[%clk 00:25:11]}
{[%emt 00:01:10]} O-O-O {[%clk 01:15:54]} {[%emt 00:00:47]} 17. Rab1 {[%clk
00:22:51]} {[%emt 00:02:50]} f5 {[%clk 01:14:49]} {[%emt 00:01:34]} 18. exf6
{[%clk 00:22:00]} {[%emt 00:01:22]} Bxf6 {[%clk 01:14:18]} {[%emt 00:01:00]}
19. Rec1 {[%clk 00:17:18]} {[%emt 00:05:13]} Rhf8 {[%clk 01:13:08]} {[%emt
00:01:40]} 20. b4 {[%clk 00:16:29]} {[%emt 00:01:20]} e5 {[%clk 01:09:47]}
{[%emt 00:03:50]} 21. Qd1 {[%clk 00:12:32]} {[%emt 00:04:27]} exd4 {[%clk
01:06:36]} {[%emt 00:03:41]} 22. Bh6 {[%clk 00:09:56]} {[%emt 00:03:06]} Rf7
{[%clk 01:05:18]} {[%emt 00:01:48]} 23. b5 {[%clk 00:09:18]} {[%emt 00:01:08]}
axb5 {[%clk 01:05:36]} {[%emt 00:00:13]} 24. Bxb5 {[%clk 00:07:53]} {[%emt
00:01:55]} Qc7 {[%clk 01:05:32]} {[%emt 00:00:32]} 25. Nb4 {[%clk 00:07:25]}
{[%emt 00:00:59]} Be5 {[%clk 01:03:33]} {[%emt 00:02:29]} 26. g3 {[%clk
00:05:39]} {[%emt 00:02:17]} Be8 {[%clk 01:03:13]} {[%emt 00:00:49]} 27. Nxc6
{[%clk 00:05:23]} {[%emt 00:00:45]} Bxc6 {[%clk 01:03:30]} {[%emt 00:00:14]}
28. Rxc6 {[%clk 00:03:39]} {[%emt 00:02:14]} bxc6 {[%clk 01:03:54]} {[%emt
00:00:06]} 29. Ba6+ {[%clk 00:03:58]} {[%emt 00:00:11]} Kd7 {[%clk 01:04:19]}
{[%emt 00:00:04]} 30. Rb7 {[%clk 00:04:15]} {[%emt 00:00:14]} Qxb7 {[%clk
01:04:39]} {[%emt 00:00:10]} 31. Bxb7 {[%clk 00:04:40]} {[%emt 00:00:05]} Kd6
{[%clk 01:04:58]} {[%emt 00:00:11]} 32. Ba6 {[%clk 00:01:43]} {[%emt 00:03:28]}
Ra8 {[%clk 01:04:59]} {[%emt 00:00:27]} 33. f4 {[%clk 00:01:15]} {[%emt
00:00:59]} Bf6 {[%clk 01:01:21]} {[%emt 00:04:08]} 34. Bd3 {[%clk 00:00:48]}
{[%emt 00:00:56]} Rxa2 {[%clk 01:01:19]} {[%emt 00:00:33]} 35. Qb1 {[%clk
00:00:44]} {[%emt 00:00:35]} Raa7 {[%clk 00:59:51]} {[%emt 00:01:57]} 36. Qb8+
{[%clk 00:00:37]} {[%emt 00:00:37]} Rac7 {[%clk 00:59:21]} {[%emt 00:00:59]}
37. f5 {[%clk 00:00:34]} {[%emt 00:00:34]} g5 {[%clk 00:55:05]} {[%emt
00:04:46]} 38. h4 {[%clk 00:00:37]} {[%emt 00:00:27]} c5 {[%clk 00:54:43]}
{[%emt 00:00:53]} 39. Bf8+ {[%clk 00:00:51]} {[%emt 00:00:15]} Be7 {[%clk
00:55:00]} {[%emt 00:00:12]} 40. Qb6+ {[%clk 00:01:00]} {[%emt 00:00:21]} Kd7
{[%clk 00:55:15]} {[%emt 00:00:15]} 41. Bb5+ {[%emt 00:04:00]} Kd8 {[%clk
01:25:32]} {[%emt 00:00:05]} 42. Qb8+ {[%clk 00:27:00]} {[%emt 00:01:09]} Rc8
{[%clk 01:25:57]} {[%emt 00:00:04]} 43. Bxe7+ {[%clk 00:27:20]} {[%emt
00:00:10]} 1-0

[Event "DEM U12 2025"]
[Site "Willingen GER"]
[Date "2025.06.09"]
[Round "3"]
[White "Al Luwaisi, Omer"]
[Black "Andersen, Jonathan"]
[Result "0-1"]
[Termination "normal"]
[Board "18"]
[WhiteElo "1683"]
[BlackElo "1787"]
[WhiteClock "00:23:20"]
[BlackClock "00:49:52"]
[PlyCount "72"]
[WhiteFideId "34645888"]
[BlackFideId "34623884"]
[EventCountry "GER"]
[EventRounds "9"]
[EventType "swiss"]
[EventDate "2025.06.07"]

1. d4 {[%clk 01:30:58]} {[%emt 00:00:03]} Nf6 {[%clk 01:30:54]} {[%emt
00:00:05]} 2. Bf4 {[%clk 01:31:24]} {[%emt 00:00:04]} d5 {[%clk 01:30:38]}
{[%emt 00:00:46]} 3. e3 {[%emt 00:00:30]} c5 {[%clk 01:30:55]} 4. c3 {[%clk
01:32:01]} {[%emt 00:00:07]} Nc6 {[%clk 01:31:08]} {[%emt 00:00:16]} 5. Nd2
{[%clk 01:31:54]} {[%emt 00:00:37]} Bf5 {[%clk 01:31:01]} {[%emt 00:00:36]} 6.
Ngf3 {[%clk 01:31:04]} {[%emt 00:01:20]} e6 {[%clk 01:30:38]} {[%emt 00:00:54]}
7. Be2 {[%clk 01:30:55]} {[%emt 00:00:40]} Bd6 {[%clk 01:29:01]} {[%emt
00:02:06]} 8. Ne5 {[%clk 01:30:00]} {[%emt 00:01:24]} Qc7 {[%clk 01:28:04]}
{[%emt 00:01:28]} 9. Nd3 {[%clk 01:23:49]} {[%emt 00:06:41]} c4 {[%clk
01:17:40]} {[%emt 00:10:55]} 10. Bxd6 {[%clk 01:23:50]} {[%emt 00:00:28]} Qxd6
{[%clk 01:18:03]} {[%emt 00:00:07]} 11. Nf4 {[%clk 01:23:10]} {[%emt 00:01:09]}
Nd7 {[%clk 01:04:53]} {[%emt 00:13:41]} 12. Nf3 {[%clk 01:20:10]} {[%emt
00:03:18]} f6 {[%clk 01:04:33]} {[%emt 00:01:01]} 13. O-O {[%clk 01:19:36]}
{[%emt 00:01:04]} g5 {[%clk 00:56:45]} {[%emt 00:08:19]} 14. Nh5 {[%clk
01:17:25]} {[%emt 00:02:41]} Bg6 {[%clk 00:53:25]} {[%emt 00:03:50]} 15. Ng3
{[%clk 01:17:17]} {[%emt 00:00:38]} h5 {[%clk 00:53:30]} {[%emt 00:00:25]} 16.
h4 {[%clk 01:13:13]} {[%emt 00:04:34]} g4 {[%clk 00:53:42]} {[%emt 00:00:18]}
17. Nh2 {[%clk 00:57:03]} {[%emt 00:16:40]} f5 {[%clk 00:54:00]} {[%emt
00:00:13]} 18. b3 {[%clk 00:54:19]} {[%emt 00:03:13]} b5 {[%clk 00:48:10]}
{[%emt 00:06:21]} 19. bxc4 {[%clk 00:38:37]} {[%emt 00:16:12]} bxc4 {[%clk
00:48:34]} {[%emt 00:00:06]} 20. Qa4 {[%clk 00:35:08]} {[%emt 00:03:58]} Nb6
{[%clk 00:48:24]} {[%emt 00:00:41]} 21. Qb5 {[%clk 00:34:59]} {[%emt 00:00:39]}
Ke7 {[%clk 00:47:24]} {[%emt 00:01:30]} 22. a4 {[%clk 00:32:17]} {[%emt
00:03:11]} Rhb8 {[%clk 00:47:05]} {[%emt 00:00:49]} 23. Qc5 {[%clk 00:32:02]}
{[%emt 00:00:44]} Qxc5 {[%clk 00:47:25]} {[%emt 00:00:10]} 24. dxc5 {[%clk
00:32:29]} {[%emt 00:00:05]} Nd7 {[%clk 00:47:47]} {[%emt 00:00:08]} 25. Bd1
{[%clk 00:27:08]} {[%emt 00:05:46]} Nxc5 {[%clk 00:48:01]} {[%emt 00:00:20]}
26. Bc2 {[%clk 00:26:26]} {[%emt 00:01:13]} Rb2 {[%clk 00:47:22]} {[%emt
00:01:08]} 27. Rfc1 {[%clk 00:26:23]} {[%emt 00:00:32]} Rxc2 {[%clk 00:47:11]}
{[%emt 00:00:42]} 28. Rxc2 {[%clk 00:26:31]} {[%emt 00:00:22]} f4 {[%clk
00:47:37]} {[%emt 00:00:05]} 29. Rb2 {[%clk 00:26:02]} {[%emt 00:00:59]} fxg3
{[%clk 00:48:00]} {[%emt 00:00:06]} 30. fxg3 {[%clk 00:26:28]} {[%emt
00:00:04]} Nb3 {[%clk 00:48:15]} {[%emt 00:00:15]} 31. Rf1 {[%clk 00:26:41]}
{[%emt 00:00:13]} Ne5 {[%clk 00:48:37]} {[%emt 00:00:11]} 32. Rd1 {[%clk
00:23:40]} {[%emt 00:03:28]} Nd3 {[%clk 00:48:42]} {[%emt 00:00:28]} 33. Rbb1
{[%clk 00:22:42]} {[%emt 00:01:30]} Ndc5 {[%clk 00:48:46]} {[%emt 00:00:24]}
34. Rb2 {[%clk 00:22:52]} {[%emt 00:00:20]} Nxa4 {[%clk 00:49:10]} {[%emt
00:00:07]} 35. Rf2 {[%clk 00:23:11]} {[%emt 00:00:11]} Nxc3 {[%clk 00:49:33]}
{[%emt 00:00:07]} 36. Rdf1 {[%clk 00:23:20]} {[%emt 00:00:18]} Ne4 {[%clk
00:49:52]} {[%emt 00:00:13]} 0-1